Colors: a quiz for kids - Statistics

General Stats
  • This quiz has been taken 65 times
  • The average score is 9 of 10
Answer Stats
Hint Answer % Correct
What is the color formed by primary colors red and blue? Purple
100%
What is the color formed by primary colors yellow and blue? Green
94%
What is the color formed by primary colors red and yellow? Orange
94%
What is the color of ketchup? Red
87%
What is the color of the sky? Blue
85%
What is the color of a healthy leaf? Green
85%
What is the color of mustard? Yellow
85%
Which of the following is a primary color? Red, Orange, Green, Violet Red
83%
Which of the following is a shade of green? Sky Blue, Grey, Teal, Hot Pink Teal
83%
What is the color of the fish beside the JetPunk sign? Green
81%
No matching quizzes found
Score Distribution
Percent of People with Each Score
Percentile by Number Answered
Your Score History
You have not taken this quiz